00538nam a2200181Ia 450000500170000000800410001704000190005804100120007708200130008910000190010224500660012126000350018730000150022250400500023765000170028765100420030485000100034620240122091740.0131103s9999 xx 000 0 und d aLoreto College aEnglish a342bVIL aVile, M. J. C. aConstitutionalism and the separation of powerscM. J. C. Vile aOxfordbClarendon Presscc1967 avii,359p.  aIncludes bibliographical references and index aConstitution aConstitutional and administrative Law aLCLIB